000 00623cam a22002293a 4500
001 17537
003 PGUSA
005 20140828083356.0
008 060123s2006||||xxu|||||s|||||000 1 eng d
040 _aPGUSA
_beng
042 _adc
050 4 _aPT
100 1 _aTeirlinck, Herman,
_d1879-1967
245 1 0 _a't Bedrijf van den kwade
_h[electronic resource] /
_cHerman Teirlinck
260 _bProject Gutenberg,
_c2006
506 _aPublic domain in the USA.
516 _aElectronic text
653 _aFiction
830 0 _aProject Gutenberg
_v17537
856 4 0 _uhttp://www.gutenberg.org/ebooks/17537
942 _cEB
999 _c246792
_d246792